书目信息 |
| 题名: |
工业经济管理概论
|
|
| 作者: | 方甲 , 塞风 编 | |
| 分册: | ||
| 出版信息: | 北京 中国人民大学出版社 1980 |
|
| 页数: | 406页 | |
| 开本: | 21cm | |
| 丛书名: | ||
| 单 册: | ||
| 中图分类: | F425 | |
| 科图分类: | ||
| 主题词: | 工业管理--概论 , 工业经济--中国 | |
| 电子资源: | ||
| ISBN: | ||
| 000 | 00693nam0 2200253 45 | |
| 001 | 0180002459 | |
| 005 | 20060524094054.45 | |
| 010 | @dCNY1.20 | |
| 091 | @aCN@b4011.411 | |
| 100 | @a19950302d1980 em y0chiy0121 ea | |
| 101 | 0 | @achi |
| 102 | @aCN@b110000 | |
| 105 | @ay z 000yy | |
| 200 | 10 | @a工业经济管理概论@Agong ye jing ji guan li gai lun@f塞风,方甲主编@Fsai feng,fang jia zhu bian |
| 210 | @a北京@c中国人民大学出版社@d1980 | |
| 215 | @a406页@d21cm | |
| 606 | @a工业管理@x概论 | |
| 606 | 0 | @a工业经济@x中国 |
| 690 | @aF425@v3 | |
| 701 | 0 | @a方甲@Afang jia@4编 |
| 701 | 0 | @a塞风@Asai feng@4编 |
| 801 | 2 | @aCN@bNLC@c20060524 |
| 801 | 0 | @aCN@bTSSF |
| 905 | @a10447@dF425@e10 | |
| 工业经济管理概论/塞风,方甲主编.-北京:中国人民大学出版社,1980 |
| 406页;21cm |
| ISBN :CNY1.20 |
| ● |
| 相关链接 |
|
|
|
|
正题名:工业经济管理概论
索取号:F425/10
 
预约/预借
| 序号 | 登录号 | 条形码 | 馆藏地/架位号 | 状态 | 备注 |
| 1 | 0048580 | 202390242 | 密集书库/ [索取号:F425/10] | 在馆 |